000 00792nam a22002177a 4500
003 DO-SdBNP
005 20220314095143.0
008 210715b 2018 dr | 00| 0 eng d
020 _a9789945907902
040 _aDO-SdBNP
_bspa
_cBNPHU
082 4 _aRD863.44
_bV393g
_222
100 1 _aVázques C. Antonio,
_d1949-
_979245
245 1 3 _aLa gloria no está en el cielo :
_bapuntes para el estudio de un trepador /
_cAntonio Vázques C.
260 _aSanto Domingo :
_bAmiama Graphics,
_c2018.
300 _a216 p. ;
_c23 cm.
500 _aIncluye datos biográficos del autor en la contracubierta.
590 _aInventariado, 2021 /LP
590 _aLa biblioteca posee 1 ejemplar autografiado por el autor
910 _aLopérez. Validado. Control de calidad MFF
942 _2ddc
_cLBS1
999 _c50114
_d50114